| 000 | 00648nam a2200181 i 4500 | ||
|---|---|---|---|
| 001 | 137426 | ||
| 003 | ES-MaACL | ||
| 005 | 20231228203848.0 | ||
| 007 | t| | ||
| 008 | 070214s1980 sp a |||| | spa d | ||
| 100 | 1 |
_aSánchez-Albornoz, Claudio, _d1893-1984 _9102440 |
|
| 245 | 1 | 0 |
_aViejos y nuevos estudios sobre las instituciones medievales españolas / _cClaudio Sánchez-Albornoz. _n, . Tomo III, _pUltimos estudios. |
| 260 |
_aMadrid : _bEspasa-Calpe, _c1980. |
||
| 300 |
_aVIII, 470 p. : _bil. ; _c24 cm. |
||
| 651 | 4 |
_aEspaña- _xHistoria- _y0414-1474, Edad media. _98214 |
|
| 852 |
_aES-MaACL _jL-3362 |
||
| 999 |
_c137426 _d137426 |
||